000 00403nam a2200157Ia 4500
008 221030s9999 xx 000 0 und d
020 _a8178672227
041 _aEnglish
082 _a105.23
_bNil
100 _aN. J. Nilson
245 0 _aArtificial Intelligence : A New Synthesis
_cby N. J. Nilson
260 _bHarcourt Asia
_aNew Delhi
_c2002
300 _a513
650 _aBE Computer
942 _cBK
999 _c8335
_d8335